| 000 | 01364nam a2200337 a 4500 | ||
|---|---|---|---|
| 001 | BRCA_1809 | ||
| 005 | 20190320203546.0 | ||
| 008 | 970909s1997 mx-a---###---#000-0#spa-# | ||
| 020 | _a9686075674 | ||
| 040 |
_aDLC _cDLC |
||
| 041 | _aspajpn | ||
| 050 | 4 |
_aF1392.J3 _b.T36 1997 |
|
| 100 | 1 |
_aTanabe, Atsuko _95629 |
|
| 245 | 1 | 0 |
_aHuellas japonesas en la cultura mexicana = Mekishiko Bunka ni Nokosareta Nihonjin no Sokuseki _cedición Atsuko Tanabe ; traducción Juan Manuel Rivera y Yukako Yoshida. |
| 250 | _a2 | ||
| 260 |
_aTijuana, México _bPrograma de Estudios Japoneses : El Colegio de la Frontera Norte _c1997 |
||
| 300 |
_a124 p. _bil. (algunas a color) _c36 cm. |
||
| 500 | _aCentenario de la Migración Japonesa a México, 1897-1997 = Nihonjin Mekishiko ij¯u Hyakush¯uen Kinen | ||
| 500 | _aColección Sonia Corcuera de Mancera | ||
| 546 | _aTexto en : español y japonés | ||
| 650 | 1 | 4 |
_aJaponeses _xHistoria _zMéxico _95630 |
| 650 | 1 | 4 |
_aJaponeses _vTrabajos Ilustrados _xHistoria _zMéxico _95631 |
| 650 | 1 | 4 |
_aImmigrantes _xHistoria _y1897-1997 _zMéxico _95632 |
| 651 | 4 |
_aMéxico _xRelaciones _zJapón _95633 |
|
| 651 | 4 |
_aJapón _xRelaciones _zMéxico _95634 |
|
| 700 | 1 |
_aRivera, Juan Manuel _95635 |
|
| 700 | 1 |
_aYoshida, Yukako _95636 |
|
| 740 | 0 | _aMekishiko Bunka ni Nokosareta Nihonjin no Sokuseki | |
| 902 | _aDSC | ||
| 942 |
_2lcc _cB |
||
| 999 |
_c1590 _d1590 |
||